Louisville Basketball: Leading Scorer Every Year - Statistics

General Stats
  • This quiz has been taken 60 times
    17 since last reset
  • The average score is 30 of 77
Answer Stats
Year Player Average % Correct
2012-2013 Russ Smith 18.7
93%
2013-2014 Russ Smith 18.2
93%
1977-1978 Darrell Griffith 18.6
86%
1978-1979 Darrell Griffith 18.5
86%
1979-1980 Darrell Griffith 22.9
86%
2022-2023 El Ellis 17.7
86%
1980-1981 Derek Smith 15.5
79%
1981-1982 Derek Smith 15.7
79%
2016-2017 Donovan Mitchell 15.6
79%
2018-2019 Jordan Nwora 17.0
79%
2019-2020 Jordan Nwora 18.0
79%
1990-1991 LaBradford Smith 16.6
79%
2023-2024 Skyy Clark 13.2
71%
2006-2007 Terrence Williams 12.4
71%
1993-1994 Clifford Rozier 18.1
64%
1997-1998 Nate Johnson 12.3
64%
1998-1999 Nate Johnson 12.3
64%
2014-2015 Terry Rozier 17.1
64%
1987-1988 Pervis Ellison 17.6
57%
1988-1989 Pervis Ellison 17.6
57%
2020-2021 Carlik Jones 16.8
50%
2015-2016 Damion Lee 15.9
50%
2008-2009 Earl Clark 14.2
50%
2003-2004 Francisco Garcia 16.4
50%
2004-2005 Francisco Garcia 15.7
50%
2011-2012 Kyle Kuric 12.6
50%
2005-2006 Taquan Dean 17.1
50%
1965-1966 Wes Unseld 19.9
50%
1967-1968 Wes Unseld 23.0
50%
2010-2011 Preston Knowles 14.6
43%
2009-2010 Samarado Samuels 15.3
43%
2007-2008 David Padgett 11.2
36%
2017-2018 Deng Adel 15.0
36%
2001-2002 Reece Gaines 21.0
36%
2002-2003 Reece Gaines 17.9
36%
1966-1967 Butch Beard 20.5
29%
1968-1969 Butch Beard 20.6
29%
1994-1995 DeJuan Wheat 16.5
29%
1995-1996 DeJuan Wheat 17.7
29%
1996-1997 DeJuan Wheat 17.3
29%
1982-1983 Milt Wagner 14.4
29%
1983-1984 Milt Wagner 16.6
29%
1984-1985 Billy Thompson 15.1
21%
1985-1986 Billy Thompson 14.9
21%
1954-1955 Charlie Tyra 14.7
21%
1955-1956 Charlie Tyra 23.8
21%
1956-1957 Charlie Tyra 21.3
21%
1992-1993 Dwayne Morton 16.1
21%
1989-1990 Felton Spencer 14.9
21%
2021-2022 Noah Locke 9.6
21%
1972-1973 Allen Murphy 16.0
14%
1973-1974 Allen Murphy 16.6
14%
1974-1975 Allen Murphy 16.4
14%
1950-1951 Bob Lochmueller 18.8
14%
1951-1952 Bob Lochmueller 17.6
14%
1961-1962 Bud Olsen 20.8
14%
1952-1953 Chuck Noble 17.0
14%
1953-1954 Chuck Noble 17.3
14%
1991-1992 Everick Sullivan 13.7
14%
1949-1950 Glenn Combs / Kenny Reeves 13.5
14%
1986-1987 Herbert Crook 15.5
14%
1947-1948 Jack Coleman 12.1
14%
1948-1949 Jack Coleman 14.0
14%
1957-1958 Jerry DuPont 15.2
14%
1970-1971 Jim Price 16.5
14%
1971-1972 Jim Price 21.0
14%
1962-1963 John Reuther 16.2
14%
1963-1964 John Reuther 19.6
14%
1964-1965 John Reuther 18.8
14%
1958-1959 John Turner 14.0
14%
1959-1960 John Turner 13.4
14%
1960-1961 John Turner 23.1
14%
1999-2000 Marques Maybin 14.7
14%
2000-2001 Marques Maybin 17.7
14%
1969-1970 Mike Grosso 18.6
14%
1975-1976 Ricky Gallon 15.3
14%
1976-1977 Wesley Cox 16.5
14%
No matching quizzes found
Score Distribution
Percent of People with Each Score
Percentile by Number Answered
Your Score History
You have not taken this quiz since the last reset